000 00652cam a2200181 i 4500
005 20260107112430.0
008 250721s2015 jo gr 000 0 ara d
082 1 4 _a219.5
_bن ع م
100 1 _aالنعمة، ابراهيم
_eمؤلف.
245 1 0 _aفي صحبة الخلفاء الراشدين /
_cابراهيم النعمة.
250 _aالطبعة الاولى.
264 3 1 _aعمان - الاردن :
_bدار الفرقان للنشر والتوزيع،
_c2015.
300 _a206 صفحة.
650 1 7 _aالسيرة النبوية.
650 1 7 _aالصحابة والتابعون.
942 _2ddc
_cBK
999 _c133940
_d133940